Movies Quiz

Random Movies or TV Show Quiz
Score 0/20 Timer 06:00
0 Plays Today
Movie % Correct
Scooby-Doo
97.4%
Star Trek
97.3%
The Addams Family
96.6%
The Flintstones
96.4%
Charlie's Angels
92%
Inspector Gadget
88.1%
21 Jump Street
84%
Mission: Impossible
83.5%
Starsky and Hutch
81%
Wild Wild West
76.9%
Movie % Correct
The Dukes of Hazzard
71.4%
Get Smart
70.6%
The Beverly Hillbillies
67.6%
The A-Team
66%
Speed Racer
64.3%
Bewitched
63.2%
The Last Airbender
61%
The Fugitive
59.8%
Miami Vice
57.1%
The Untouchables
49.8%
Remove Ads.
Support Sporcle.
Get the best of Sporcle when you Go Orange. This ad-free experience offers more features, more stats, and more fun while also helping to support Sporcle. Thank you for becoming a member.

You're not logged in!

Compare scores with friends on all Sporcle quizzes.
OR
Log In

Sporcle TV

Today on Sporcle TV


Watch our educational content, quiz creation guides, and fun videos on Sporcle TV.

Show Comments

Extras

Top Quizzes Today


Score Distribution

Paid Content

Your Account Isn't Verified!

In order to create a playlist on Sporcle, you need to verify the email address you used during registration. Go to your Sporcle Settings to finish the process.

Report this User

Report this user for behavior that violates our Community Guidelines.

Details: